Biegi Narciarskie - Najlepsze Kraje na IO w XXI wieku - Statystyki

Ogólne statystyki
  • Ten quiz został rozwiązany 41 razy
  • Średni wynik to 9 z 10
Statystyki odpowiedzi
🥇 🥈 🥉 Kraj % Poprawnych
34x 16x 21x Norwegia
100%
3x 10x 5x Niemcy
98%
3x 5x 9x Finlandia
95%
16x 16x 12x Szwecja
95%
2x 1x 2x Polska
93%
10x 14x 15x Rosja
93%
4x 5x 6x Włochy
90%
2x 1x - Czechy
88%
4x 1x 2x Szwajcaria
88%
4x 2x 1x Estonia
56%
Nie znaleziono quizów pasujących do podanych kryteriów
Rozkład punktacji
Procent ludzi z każdym wynikiem
Percentyl według liczby udzielonych odpowiedzi
Twoja historia wyników
Nie rozwiązałeś tego quizu